000 00791nam a2200277Ia 4500
001 B4380
003 IT-RoPAU
008 130308s9999 xx 000 0 und d
040 _aIT-RoPAU
040 _cIT-RoPAU
041 _aITALIANO
100 _aWolf Mauro
100 _gCodice Aut. SPICS: 422
245 _aGeneri e mass media-Per uno sguardo sui generi televisivi
245 _bStoria Comune (La)-Funzioni, Forma e Generi della Fiction Televisiva
250 _a1a ed.
260 _aTORINO
260 _bERI - Edizioni Rai
260 _c1992 [1° Ed.:1992 - Ed.Ling.Originale:1986]
300 _a"8 p. (prefazione: no ; testo: 8 [pagine: 124-131])"
650 _aGENERI TELEVISIVI
650 _eCodice materia Spics: 6960
942 _cBK
957 _71
999 _c84791
_d84791
999 _g1